Statistiques concernant Coupe du Monde 1990 - Un Joueur par équipe

Cliquez ici pour prendre le quiz!

Statistiques générales

  • Ce quiz a été pris 52 fois
  • Le résultat moyen est 17 sur 24

Statistiques - réponses

HintRéponse% Correct
Kim Joo-sungCorée du Sud
93%
Paolo MaldiniItalie
93%
Lothar MatthäusAllemagne de l'Ouest
91%
RomárioBrésil
91%
Marco van BastenPays-Bas
91%
Gheorghe HagiRoumanie
88%
Carlos ValderramaColombie
86%
Chris WaddleAngleterre
84%
François Omam-BiyikCameroun
81%
Tomáš SkuhravýTchécoslovaquie
81%
Oleh ProtasovURSS
81%
Abdulrahman MohamedEmirats Arabes Unis
77%
Andoni ZubizarretaEspagne
77%
Dragan StojkovićYougoslavie
72%
Claudio CaniggiaArgentine
70%
Hossam HassanEgypte
63%
Ally McCoistEcosse
60%
Enzo ScifoBelgique
58%
Tomas BrolinSuède
56%
Toni PolsterAutriche
47%
Hernán MedfordCosta Rica
47%
Eric WynaldaEtats-Unis
44%
Tony CascarinoIrlande
42%
Pablo BengoecheaUruguay
40%

Distribution des résultats

Percentile par nombre de réponses

% des personnes avec chaque résultat

Votre développement - résultats

Vous n’avez pas pris ce quiz